Statistiques concernant Culture Générale - Série 974

Cliquez ici pour prendre le quiz!

Statistiques générales

  • Ce quiz a été pris 88 fois
  • Le résultat moyen est 5 sur 10

Statistiques - réponses

QuestionRéponse% Correct
Quel mot de trois lettres désigne le changement du timbre de la voix, au moment de la puberté, surtout sensible chez les garçons ?mue
95%
En 1981, Michel Sardou rend hommage en chanson à la "femme des années...80
91%
Si on roule à 60 km/h, combien parcourt-on de kilomètres en 10 minutes ?10
78%
Quelle était la profession de Danton, avant qu'il n'embrasse une carrière politique ?avocat
68%
En 1782, à quel compositeur doit-on “L'Enlèvement au sérail” ?Mozart
49%
Selon l'expression, quand on l'emporte sans rencontrer de résistance, on gagne sans coup...férir
46%
Sous quel nom connaît-on mieux le chef sioux Tatanka Iyotake ?Sitting Bull
28%
A quel chanteur soul doit-on le tube "It's a Man's Man's Man's World" en 1966 ?James Brown
27%
De 1958 à 1973, quel acteur incarne le commissaire Bourrel dans la série télévisée : “Les Cinq dernières minutes” ?Raymond Souplex
24%
A quel État appartiennent les îles d'Aran ?Irlande
18%

Distribution des résultats

Percentile par nombre de réponses

% des personnes avec chaque résultat

Votre développement - résultats

Vous n’avez pas pris ce quiz